Negli occhi del mito /

Đã lưu trong:
Chi tiết về thư mục
Tác giả chính: Arpaja, Armando
Tác giả khác: Lenzi Schina, Gabriella
Định dạng: Sách
Ngôn ngữ:Tiếng Anh
Được phát hành: Roma Eliograf [1988]
Các nhãn: Thêm thẻ
Không có thẻ, Là người đầu tiên thẻ bản ghi này!

MARC

LEADER 00000nam a2200000 4500
001 CDOM0000004656
003 mi
005 20250929105734.0
008 250929b |||||||| |||| 00| 0 eng d
040 |c mi 
100 |a Arpaja, Armando 
245 1 |a Negli occhi del mito /  |c Armando Arpaja 
260 |a Roma  |b Eliograf  |c [1988] 
300 |a 54 p.  |c ill.  |c 21 cm. 
700 |a Lenzi Schina, Gabriella 
942 |2 ddc  |c BK 
952 |0 0  |1 0  |2 ddc  |4 0  |6 B_APT01ARPARNEG11  |7 0  |9 7470  |a MI  |b MI  |d 2011-02-07  |i 5954  |l 0  |o B-APT01-ARPAR-NEG11  |p CDOM5954  |r 2025-07-13 16:28:00  |w 2025-07-13  |x DONO  |y BK 
999 |c 6167  |d 6167